00365nam a2200121Ia 4500008004100000245007300041260003500114260000900149300000800158500001100166650001300177856005300190170516s9999 xx 000 0 und d 2aA Review on Different Virtual Learning Methods in Pharmacy Education bJournal of Pharmaceutical Care c2014 a2:2 aSpring xPharmacy uhttp://jpc.tums.ac.ir/index.php/jpc/issue/view/7